Macromedia Flash 5 : Pro pokročilé

Salvato in:
Dettagli Bibliografici
Autore principale: Chun, Russell (Autore)
Natura: Libro
Lingua:ceco
Pubblicazione: Praha : Computer Press, 2001
Edizione:1. vyd.
Soggetti:
Accesso online:OBSAH
Tags: Aggiungi Tag
Nessun Tag, puoi essere il primo ad aggiungerne!!

MARC

LEADER 00000nam a22000003a 4500
001 stu76216
005 20150617225645.1
008 020620s2001----xr------------------cze-d
020 |a 80-7226-519-9 
040 |a STU  |b slo 
041 0 |a cze 
044 |a xr 
080 |a 004.43 
100 1 |a Chun, Russell  |4 aut 
245 1 |a Macromedia Flash 5 :  |b Pro pokročilé 
250 |a 1. vyd. 
260 |a Praha :  |b Computer Press,  |c 2001 
300 |a 13,416 s.;schémy  |c CD-ROM 
500 |a prel. z angl.orig. 
650 7 |a animácia počítačová  |2 stusub 
650 7 |a programy počítačové  |2 stusub 
650 7 |a WWW  |2 stusub 
856 4 |a https://sweb.mtf.stuba.sk/obsahy/mocromedia_flash_5_01.PDF  |u https://sweb.mtf.stuba.sk/obsahy/mocromedia_flash_5_01.PDF  |3 OBSAH 
996 |b 284M050485  |c M*10909-5  |l MMKN  |s A  |a 24  |w stu76216_0001 
996 |b 284M050486  |c M*10909-4  |l MMKN  |s A  |a 24  |w stu76216_0002 
996 |b 284M050123  |c M*10909-1  |l MMKN  |s A  |a 24  |w stu76216_0003 
996 |b 284M050124  |c M*10909-2  |l MMKN  |s A  |a 24  |w stu76216_0004